Statistics for Largest Hubs by Airline #1

Click here to take the quiz!

General Stats

  • This quiz has been taken 318 times
  • The average score is 20 of 24

Answer Stats

AirlineLargest Hub% Correct
EmiratesDubai
97%
KLMAmsterdam
96%
British AirwaysLondon (Heathrow)
96%
Air ChinaBeijing
95%
Delta Air LinesAtlanta
93%
LufthansaFrankfurt
93%
IberiaMadrid
91%
QantasSydney
91%
All Nippon AirwaysTokyo (Haneda)
89%
Air CanadaToronto
89%
Scandinavian AirlinesCopenhagen
87%
CubanaHavana
85%
Garuda IndonesiaJakarta
85%
Cathay PacificHong Kong
80%
EtihadAbu Dhabi
79%
Alaska AirlinesSeattle
79%
China Eastern AirlinesShanghai (Pudong)
78%
Royal Air MarocCasablanca
77%
American AirlinesDallas/Forth Worth
75%
United AirlinesHouston
69%
AviancaBogotá
63%
AirAsiaKuala Lumpur
63%
LATAMSão Paulo
60%
Jetstar AirwaysMelbourne
47%

Score Distribution

Percentile by Number Answered

Percent of People with Each Score

Your Score History

You have not taken this quiz